| 000 | 00606nam a2200229 a 4500 | ||
|---|---|---|---|
| 005 | 20210219152942.0 | ||
| 008 | 991125n 000 0 eng u | ||
| 035 | _aUPN01000068467 | ||
| 100 | 1 | _aPeterson, Karl | |
| 222 | _aCANADIAN JOURNAL OF SPECIAL EDUCATION | ||
| 245 | _aComputer use in special education in Alberta | ||
| 300 | _a86-92 | ||
| 362 | 0 | _a1991 Vol. 7, no. 1 | |
| 653 | 0 | _aMAESTROS | |
| 653 | 0 | _aCOMPUTADORA | |
| 653 | 0 | _aEDUCACION ESPECIAL | |
| 653 | 0 | _aNECESIDADES EDUCATIVAS | |
| 700 | 1 | _aMcDonald, Linda, | |
| 700 | 1 | _ecoaut. | |
| 904 |
_aAC _b006278 |
||
| 905 | _aArticulo | ||
| 999 |
_c64589 _d64589 |
||